[Event "Fynsmesterskabet "]
[Site "Odense"]
[Date "2008.03.06"]
[Round "6"]
[White "Frederiksen, Jens"]
[Black "Cappelen, Niels Henrik"]
[Result "0-1"]
[WhiteElo "1431"]
[BlackElo "1634"]
[PlyCount "70"]
[EventDate "2008.??.??"]
[EventType "swiss"]
[EventRounds "7"]
[EventCountry "DEN"]

1. c4 g6 2. Nf3 Bg7 3. g3 Nf6 4. Bg2 c6 5. Nc3 d6 6. d3 O-O 7. O-O a6 8. a4
Nbd7 9. Qc2 e5 10. b4 Qe7 11. Ba3 Re8 12. Ng5 Nh5 13. Nge4 f5 14. Nd2 Ndf6 15.
e3 Be6 16. Nf3 Rad8 17. b5 Qc7 18. bxc6 bxc6 19. Ng5 Bc8 20. Rab1 d5 21. Qb3 h6
22. Nf3 e4 23. dxe4 Nxe4 24. Nxe4 fxe4 25. Nd4 c5 26. Ne2 d4 27. exd4 cxd4 28.
Qb6 Qxb6 29. Rxb6 d3 30. Nf4 Nxf4 31. gxf4 d2 32. Rxg6 d1=Q 33. Rxd1 Rxd1+ 34.
Bf1 Kf7 35. Rc6 Bh3 0-1

[Event "Fynsmesterskabet "]
[Site "Odense"]
[Date "2008.03.06"]
[Round "6"]
[White "Furrer, Heinz"]
[Black "Hust, Christian Winther"]
[Result "1-0"]
[WhiteElo "1779"]
[BlackElo "1593"]
[PlyCount "64"]
[EventDate "2008.??.??"]
[EventType "swiss"]
[EventRounds "7"]
[EventCountry "DEN"]

1. d4 Nf6 2. Nf3 b6 3. c4 Bb7 4. Nc3 e6 5. a3 d5 6. Bg5 Be7 7. e3 O-O 8. Rc1
Nbd7 9. Be2 a6 10. O-O dxc4 11. Bxc4 b5 12. Ba2 c5 13. dxc5 Bxc5 14. b4 Be7 15.
Nd4 h6 16. Bh4 Rc8 17. Qe2 Qb6 18. Bb1 Rfe8 19. Bg3 g6 20. Qb2 e5 21. Nde2 Nh5
22. Qb3 Nhf6 23. Bxg6 Rf8 24. Bf5 Rc7 25. e4 Rc4 26. Nd5 Bxd5 27. exd5 Rfc8 28.
Bxd7 Nxd7 29. Qf3 Bg5 30. Rxc4 Rxc4 31. h4 Bf6 32. Qh5 Bg7 1-0

[Event "Fynsmesterskabet "]
[Site "Odense"]
[Date "2008.03.06"]
[Round "6"]
[White "Hansen, Mads"]
[Black "Pedersen, Jan Nordenbaek"]
[Result "1/2-1/2"]
[WhiteElo "1880"]
[BlackElo "2223"]
[PlyCount "44"]
[EventDate "2008.??.??"]
[EventType "swiss"]
[EventRounds "7"]
[EventCountry "DEN"]

1. e4 c5 2. Nf3 Nc6 3. Bb5 g6 4. O-O Bg7 5. c3 Nf6 6. Re1 O-O 7. e5 Nd5 8. d4
cxd4 9. cxd4 d6 10. Nc3 Nxc3 11. bxc3 Bg4 12. exd6 Qxd6 13. h3 Bxf3 14. Qxf3 e5
15. Bxc6 bxc6 16. dxe5 Bxe5 17. Bh6 Rfe8 18. Rad1 Qf6 19. Qxf6 Bxf6 20. Rxe8+
Rxe8 21. Be3 Bxc3 22. Rc1 Ba5 1/2-1/2

[Event "Fynsmesterskabet "]
[Site "Odense"]
[Date "2008.03.06"]
[Round "6"]
[White "Hansen, Martin Strandby"]
[Black "Sorensen, Per Smidt"]
[Result "1-0"]
[WhiteElo "2072"]
[BlackElo "2017"]
[PlyCount "89"]
[EventDate "2008.??.??"]
[EventType "swiss"]
[EventRounds "7"]
[EventCountry "DEN"]

1. c4 e5 2. Nc3 Nf6 3. Nf3 Nc6 4. g3 d5 5. cxd5 Nxd5 6. d3 Be7 7. Bg2 Be6 8.
O-O O-O 9. Bd2 f6 10. Qc1 Qd7 11. Rd1 Rad8 12. Nxd5 Bxd5 13. Bc3 Nd4 14. Bxd4
exd4 15. Ne1 c6 16. Bxd5+ Qxd5 17. Ng2 Rfe8 18. Nf4 Qf7 19. e4 dxe3 20. fxe3
Bd6 21. Ng2 Bc7 22. b3 Bb6 23. d4 Rd5 24. Qc4 c5 25. Nf4 Rd7 26. d5 Rxe3 27.
Re1 Ree7 28. Ne6 Rd6 29. Rad1 Red7 30. Nf4 a6 31. Kg2 Ba7 32. a4 b5 33. axb5
axb5 34. Qxb5 Rb6 35. Qxc5 g5 36. Qc8+ Kg7 37. Ne6+ Kh6 38. Nf8 Rc7 39. Qh3+
Kg7 40. Qxh7+ Kxf8 41. Qh8+ Qg8 42. Re8+ Kxe8 43. Qxg8+ Kd7 44. d6 Rc2+ 45. Kh3
1-0

[Event "Fynsmesterskabet "]
[Site "Odense"]
[Date "2008.03.06"]
[Round "6"]
[White "Hansen, Rene Rauer"]
[Black "Aagaard, Gert"]
[Result "1-0"]
[WhiteElo "1876"]
[BlackElo "1917"]
[PlyCount "125"]
[EventDate "2008.??.??"]
[EventType "swiss"]
[EventRounds "7"]
[EventCountry "DEN"]

1. e4 Nf6 2. e5 Nd5 3. Nc3 Nxc3 4. dxc3 d5 5. Nf3 e6 6. Bg5 Be7 7. Bxe7 Qxe7 8.
Qd2 Bd7 9. Bd3 c5 10. O-O-O Bc6 11. Rhe1 Nd7 12. Qf4 h6 13. h4 O-O-O 14. Bf1
Nb6 15. g3 Qc7 16. Qe3 Qe7 17. Nd2 Kb8 18. Nb3 Na4 19. Na5 c4 20. Nxc6+ bxc6
21. Kb1 Rd7 22. Ka1 Rb7 23. Rb1 Nc5 24. Red1 Ka8 25. b3 cxb3 26. cxb3 Nxb3+ 27.
Rxb3 Rxb3 28. axb3 Qa3+ 29. Kb1 Qxb3+ 30. Kc1 Qa2 31. Qc5 Rb8 32. Qxc6+ Rb7 33.
Rd4 Qb1+ 34. Kd2 Qxf1 35. Qc8+ Rb8 36. Qc6+ Rb7 37. Rb4 Qxf2+ 38. Kd1 Qf3+ 39.
Kd2 Qf2+ 40. Kd1 Qg1+ 41. Kc2 Qb6 42. Rxb6 axb6 43. Kb3 h5 44. Kb4 Kb8 45. Qe8+
Ka7 46. Qd8 Ka6 47. Qa8+ Ra7 48. Qc6 g6 49. Qe8 Rc7 50. Qa8+ Ra7 51. Qg8 Re7
52. Ka4 Rb7 53. Qc8 Ka7 54. Kb5 Re7 55. Qa6+ Kb8 56. Kxb6 Rd7 57. Kc6 Rc7+ 58.
Kd6 Rxc3 59. Qb5+ Kc8 60. Qe8+ Kb7 61. Qxf7+ Kb6 62. Kxe6 d4 63. Kd5 1-0

[Event "Fynsmesterskabet "]
[Site "Odense"]
[Date "2008.03.06"]
[Round "6"]
[White "Jensen, Jacob"]
[Black "Andreasen, Rene"]
[Result "1-0"]
[WhiteElo "1578"]
[BlackElo "1670"]
[PlyCount "99"]
[EventDate "2008.??.??"]
[EventType "swiss"]
[EventRounds "7"]
[EventCountry "DEN"]

1. e4 c6 2. d4 d5 3. exd5 cxd5 4. Bd3 Nc6 5. c3 Nf6 6. f3 e6 7. Bg5 Bd6 8. Qc2
h6 9. Bh4 Qc7 10. Ne2 Nh5 11. Nd2 Bxh2 12. Nf1 Bd6 13. O-O-O Nf4 14. Nxf4 Bxf4+
15. Kb1 Bd7 16. g3 Bd6 17. Qe2 Ne7 18. Ne3 Bc6 19. c4 dxc4 20. Bxc4 Rg8 21. g4
g5 22. Bf2 Rh8 23. d5 Bd7 24. Rc1 e5 25. Bg3 Ng6 26. Bd3 Qd8 27. Nc4 Qf6 28.
Rce1 Nf4 29. Bxf4 gxf4 30. g5 Qe7 31. Nxd6+ Qxd6 32. Qxe5+ Qxe5 33. Rxe5+ Kf8
34. gxh6 Re8 35. Rxe8+ Kxe8 36. h7 f5 37. Rh5 Ke7 38. Kc2 Kf6 39. Kc3 Kg6 40.
Rh4 Rxh7 41. Rxh7 Kxh7 42. Kd4 Kg6 43. Ke5 Be8 44. Kd6 Kf6 45. Kc7 Ke5 46. d6
Ke6 47. Bc4+ Ke5 48. d7 Bxd7 49. Kxd7 Kd4 50. Bf7 1-0

[Event "Fynsmesterskabet "]
[Site "Odense"]
[Date "2008.03.06"]
[Round "6"]
[White "Jensen, Jens Skjoldborg"]
[Black "Frimodt, Michael"]
[Result "1/2-1/2"]
[WhiteElo "1503"]
[BlackElo "1416"]
[PlyCount "141"]
[EventDate "2008.??.??"]
[EventType "swiss"]
[EventRounds "7"]
[EventCountry "DEN"]

1. d4 d5 2. c4 e6 3. cxd5 exd5 4. Nc3 Nf6 5. Nf3 c5 6. Bg5 cxd4 7. Nxd4 Be7 8.
e3 O-O 9. Be2 a6 10. O-O Nc6 11. Rc1 Qd6 12. a3 Nxd4 13. Qxd4 Be6 14. Rfd1 Rfd8
15. Bf3 Rac8 16. Qd3 Bg4 17. Qe2 Bxf3 18. Qxf3 Qe5 19. Bf4 Qe6 20. h3 Rd7 21.
Ne2 Rxc1 22. Rxc1 Rd8 23. Nd4 Qe4 24. Qd1 Ne8 25. Qb3 g5 26. Bg3 Bd6 27. Bxd6
Nxd6 28. Qb6 Qe7 29. b3 Nc8 30. Qh6 Nd6 31. Qh5 Qf6 32. Nf3 h6 33. Qg4 Qf5 34.
Qd4 Rc8 35. Rd1 Nb5 36. Qxd5 Qxd5 37. Rxd5 Nxa3 38. Nd4 Rc1+ 39. Kh2 Rd1 40.
Rd6 Nc2 41. Rxh6 Nxd4 42. exd4 Rxd4 43. Rb6 Rd7 44. Kg3 Kg7 45. Kg4 f6 46. h4
Rd4+ 47. Kf3 Rd7 48. hxg5 fxg5 49. Kg4 Rf7 50. f3 Rf6 51. Rxb7+ Kg6 52. g3 Rd6
53. Rb4 Kh6 54. Rc4 Kg6 55. Rb4 Kh6 56. Rb8 Rg6 57. b4 Rd6 58. Kf5 Rd5+ 59. Ke4
Rd6 60. b5 axb5 61. Rxb5 Kg6 62. f4 gxf4 63. gxf4 Re6+ 64. Re5 Kf7 65. Kd5
Rxe5+ 66. Kxe5 Ke7 67. f5 Kf7 68. f6 Kf8 69. Ke6 Ke8 70. f7+ Kf8 71. Kf6
1/2-1/2

[Event "Fynsmesterskabet "]
[Site "Odense"]
[Date "2008.03.06"]
[Round "6"]
[White "Kiel, Jorgen"]
[Black "Furrer, Christian"]
[Result "1-0"]
[WhiteElo "1621"]
[BlackElo "1147"]
[PlyCount "47"]
[EventDate "2008.??.??"]
[EventType "swiss"]
[EventRounds "7"]
[EventCountry "DEN"]

1. c4 Nf6 2. Nc3 g6 3. g3 Bg7 4. Bg2 O-O 5. d4 d6 6. Bg5 Nbd7 7. Qd2 c6 8. Bh6
Qc7 9. Bxg7 Kxg7 10. e4 e5 11. d5 Rd8 12. Nge2 a5 13. O-O Nh5 14. Kh1 Nc5 15.
f4 f5 16. fxe5 dxe5 17. Qe3 Na6 18. a3 cxd5 19. Nxd5 Qb8 20. Qg5 Rf8 21. exf5
Rxf5 22. Qe7+ Kh6 23. Ne3 Rxf1+ 24. Rxf1 1-0

[Event "Fynsmesterskabet "]
[Site "Odense"]
[Date "2008.03.06"]
[Round "6"]
[White "Kjeldsen, Anton"]
[Black "Jorgensen, Peter Frank"]
[Result "1-0"]
[WhiteElo "1655"]
[BlackElo "1493"]
[PlyCount "65"]
[EventDate "2008.??.??"]
[EventType "swiss"]
[EventRounds "7"]
[EventCountry "DEN"]

1. e4 e5 2. f4 Bc5 3. Nf3 Nc6 4. fxe5 d5 5. exd6 cxd6 6. d4 Bb6 7. Nc3 Bg4 8.
Bb5 Rc8 9. d5 a6 10. Ba4 Ba7 11. dxc6 b5 12. Bb3 Nf6 13. h3 Bh5 14. Bg5 Qb6 15.
Qe2 O-O 16. Bxf6 gxf6 17. O-O-O Rxc6 18. g4 Bg6 19. g5 fxg5 20. Nxg5 Qe3+ 21.
Qd2 Qg3 22. Ne2 Qe5 23. Nc3 Qg3 24. Ne2 Qe5 25. Qd5 Be3+ 26. Kb1 Qxg5 27. Qxc6
Qg2 28. Nc3 Bh5 29. Rdf1 Bf2 30. Qd5 Qf3 31. Qg5+ Bg6 32. h4 Qg3 33. Qf6 1-0

[Event "Fynsmesterskabet "]
[Site "Odense"]
[Date "2008.03.06"]
[Round "6"]
[White "Kuntz, Jan"]
[Black "Rostgaard, Tobias Valentin"]
[Result "0-1"]
[WhiteElo "1907"]
[BlackElo "1798"]
[PlyCount "88"]
[EventDate "2008.??.??"]
[EventType "swiss"]
[EventRounds "7"]
[EventCountry "DEN"]

1. c4 e5 2. Nc3 Nc6 3. g3 f5 4. Bg2 Nf6 5. a3 g6 6. d3 Bg7 7. e4 O-O 8. Nge2 d6
9. O-O Be6 10. Nd5 Qd7 11. Rb1 Ne7 12. Nxe7+ Qxe7 13. exf5 Bxf5 14. Bxb7 Bh3
15. Re1 Rab8 16. Bh1 Ng4 17. Bd5+ Kh8 18. f3 Nf6 19. Bg5 Qd7 20. Bxf6 Rxf6 21.
d4 c6 22. dxe5 dxe5 23. Be4 Rd6 24. Qa4 Bh6 25. Qa5 Be3+ 26. Kh1 Re8 27. Qa4
Bf2 28. Red1 Rd8 29. Nc3 Bd4 30. Ne2 Be3 31. Bc2 Rd2 32. Re1 Qf7 33. Be4 Bf2
34. Red1 Qxc4 35. Rxd2 Qxa4 36. Rxd8+ Kg7 37. Ng1 Bxg1 38. Kxg1 Qb3 39. Rd2
Qe3+ 40. Rf2 c5 41. b3 a5 42. a4 h5 43. Bc2 g5 44. Bd1 Qe1+ 0-1

[Event "Fynsmesterskabet "]
[Site "Odense"]
[Date "2008.03.06"]
[Round "6"]
[White "Lindenskov, Bjarne"]
[Black "Nielsen, Theis"]
[Result "1/2-1/2"]
[WhiteElo "1804"]
[BlackElo "1693"]
[PlyCount "49"]
[EventDate "2008.??.??"]
[EventType "swiss"]
[EventRounds "7"]
[EventCountry "DEN"]

1. d4 d5 2. c4 e5 3. dxe5 d4 4. Nf3 Nc6 5. g3 f6 6. exf6 Nxf6 7. Bg2 Bb4+ 8.
Bd2 Bc5 9. O-O O-O 10. a3 a5 11. Bf4 Nh5 12. Bg5 Qd6 13. Nbd2 Bf5 14. Nb3 h6
15. Bd2 d3 16. Nxc5 Qxc5 17. exd3 Bxd3 18. Be3 Qxc4 19. Rc1 Bxf1 20. Rxc4 Bxc4
21. Nd4 Nxd4 22. Qxd4 Bf7 23. Bxb7 Rab8 24. Bd5 Nf6 25. Bc4 1/2-1/2

[Event "Fynsmesterskabet "]
[Site "Odense"]
[Date "2008.03.06"]
[Round "6"]
[White "Nielsen, Chresten Anker"]
[Black "Borsen, Claus"]
[Result "1-0"]
[WhiteElo "1630"]
[BlackElo "1433"]
[PlyCount "67"]
[EventDate "2008.??.??"]
[EventType "swiss"]
[EventRounds "7"]
[EventCountry "DEN"]

1. e4 e5 2. Nf3 Nc6 3. Bc4 Nf6 4. Ng5 d5 5. exd5 Na5 6. Bb5+ c6 7. dxc6 bxc6 8.
Qf3 Qc7 9. Ba4 Bd6 10. Nc3 h6 11. Nge4 Nxe4 12. Nxe4 O-O 13. d3 Bd7 14. a3 Nb7
15. Nf6+ gxf6 16. Bxh6 e4 17. Qxf6 Qa5+ 18. b4 Qe5 19. Qxe5 Bxe5 20. d4 Bxd4
21. O-O-O Rfc8 22. Rxd4 Bf5 23. Bg5 c5 24. Rd5 Bg6 25. Rd7 Nd8 26. Bb3 cxb4 27.
Rhd1 Nc6 28. R1d6 bxa3 29. Rxg6+ Kh7 30. Rh6+ Kg8 31. Bxf7+ Kf8 32. Rh8+ Kg7
33. Rg8+ Kh7 34. Be6+ 1-0

[Event "Fynsmesterskabet "]
[Site "Odense"]
[Date "2008.03.06"]
[Round "6"]
[White "Nielsen, Villy"]
[Black "Rasmussen, Jens"]
[Result "1-0"]
[WhiteElo "1128"]
[BlackElo "1584"]
[PlyCount "97"]
[EventDate "2008.??.??"]
[EventType "swiss"]
[EventRounds "7"]
[EventCountry "DEN"]

1. e4 c5 2. Bc4 e6 3. Nf3 a6 4. a3 d5 5. exd5 exd5 6. Be2 Be7 7. d4 Nf6 8. Bg5
O-O 9. dxc5 Re8 10. b4 Ne4 11. Bxe7 Qxe7 12. O-O Qf6 13. Nd4 Nc6 14. c3 Nxc3
15. Nxc3 Qxd4 16. Nxd5 Rxe2 17. Qxe2 Bg4 18. Ne7+ Kf8 19. Nxc6 bxc6 20. Qc2 g6
21. Rfe1 Bf5 22. Qa4 Qf6 23. Rad1 Kg7 24. Rd6 Qc3 25. Qd1 Rc8 26. Qd4+ Qxd4 27.
Rxd4 Bc2 28. Re7 Ba4 29. Rdd7 Rf8 30. Ra7 Bb5 31. Rec7 Kf6 32. Rxa6 Re8 33. h4
Re1+ 34. Kh2 Re6 35. Raa7 h5 36. Rxf7+ Ke5 37. a4 Bc4 38. Rfe7 Kd4 39. Rad7+
Kc3 40. Rxe6 Bxe6 41. Rb7 Bb3 42. a5 Bc4 43. Rb6 Bb5 44. Kg3 Kc4 45. Kf4 Kxb4
46. a6 Kxc5 47. Rxb5+ cxb5 48. a7 Kc4 49. a8=Q 1-0

[Event "Fynsmesterskabet "]
[Site "Odense"]
[Date "2008.03.06"]
[Round "6"]
[White "Pallesen, Jorn"]
[Black "Nielsen, Jan"]
[Result "1-0"]
[WhiteElo "1514"]
[BlackElo "1416"]
[PlyCount "97"]
[EventDate "2008.??.??"]
[EventType "swiss"]
[EventRounds "7"]
[EventCountry "DEN"]

1. e4 e5 2. Nf3 Nc6 3. Bb5 d6 4. O-O Nf6 5. Re1 Be7 6. c3 O-O 7. h3 Bd7 8. d4
exd4 9. cxd4 a6 10. Ba4 b5 11. Bb3 Na5 12. Bc2 c6 13. Qd3 g6 14. Nc3 Nb7 15.
Qe3 Ne8 16. Qh6 Ng7 17. Ng5 Bxg5 18. Bxg5 f6 19. Bh4 Qc8 20. e5 Nf5 21. Bxf5
Bxf5 22. Bxf6 Rf7 23. Ne4 Bxe4 24. Rxe4 dxe5 25. dxe5 Qf8 26. Qxf8+ Raxf8 27.
Rc1 c5 28. b3 Re8 29. Re3 a5 30. g4 Rc7 31. Kg2 Rc6 32. Kg3 a4 33. Kh4 axb3 34.
axb3 Nd8 35. Bxd8 Rxd8 36. f4 Rd4 37. Kg3 c4 38. f5 gxf5 39. gxf5 Kf7 40. e6+
Ke7 41. f6+ Kxf6 42. e7 Rc8 43. Rf1+ Kg7 44. e8=Q Rxe8 45. Rxe8 Rd3+ 46. Rf3
Rxb3 47. Rxb3 cxb3 48. Rb8 b2 49. Rxb5 1-0

[Event "Fynsmesterskabet "]
[Site "Odense"]
[Date "2008.03.06"]
[Round "6"]
[White "Sorensen, Jimmy F"]
[Black "Sorensen, Alex"]
[Result "0-1"]
[WhiteElo "1517"]
[BlackElo "1737"]
[PlyCount "62"]
[EventDate "2008.??.??"]
[EventType "swiss"]
[EventRounds "7"]
[EventCountry "DEN"]

1. e4 d5 2. exd5 Nf6 3. d4 c6 4. d6 Qxd6 5. Nf3 Bg4 6. Be2 Nbd7 7. Nbd2 Nb6 8.
b3 Nbd5 9. Bb2 Nf4 10. O-O N6h5 11. Nc4 Qe6 12. Nce5 f6 13. Bc4 Nd5 14. Nxg4
Qxg4 15. Bxd5 cxd5 16. Nd2 Qg5 17. Qf3 e6 18. Rfe1 Kf7 19. Qe3 Nf4 20. g3 Bd6
21. Nf3 Qg4 22. Ne5+ fxe5 23. dxe5 Nh3+ 24. Kg2 Be7 25. f3 Qh5 26. f4 Rac8 27.
c4 Rhf8 28. f5 Kg8 29. f6 Bc5 30. Qd3 dxc4 31. Qd7 Nf4+ 0-1

[Event "Fynsmesterskabet "]
[Site "Odense"]
[Date "2008.03.06"]
[Round "6"]
[White "Svendsen, Mads Bilde"]
[Black "Moestrup, Jorn"]
[Result "1/2-1/2"]
[WhiteElo "2098"]
[BlackElo "2032"]
[PlyCount "79"]
[EventDate "2008.??.??"]
[EventType "swiss"]
[EventRounds "7"]
[EventCountry "DEN"]

1. d4 Nf6 2. c4 e6 3. Nc3 Bb4 4. f3 d5 5. a3 Bxc3+ 6. bxc3 O-O 7. cxd5 exd5 8.
e3 c5 9. Bd3 b6 10. Ne2 Ba6 11. O-O Re8 12. g4 h6 13. Ng3 cxd4 14. cxd4 Bxd3
15. Qxd3 Qd7 16. Ra2 Nc6 17. Rg2 Rac8 18. Kh1 Ne7 19. e4 Ng6 20. e5 Nh7 21. Nf5
Rxc1 22. Rxc1 Nf4 23. Qd2 Nxg2 24. Kxg2 h5 25. Nd6 Rf8 26. h3 Qe7 27. Qf4 h4
28. Qd2 f6 29. f4 fxe5 30. dxe5 Qe6 31. Qd4 Nf6 32. Rc7 Nd7 33. Rxa7 g5 34. Nf5
Rc8 35. Ne3 gxf4 36. Qxf4 Qxe5 37. Qxe5 Nxe5 38. Re7 Ng6 39. Rd7 Rc5 40. Rd6
1/2-1/2

[Event "Fynsmesterskabet "]
[Site "Odense"]
[Date "2008.03.06"]
[Round "6"]
[White "Veise, Svend"]
[Black "Ploug, Kurt"]
[Result "1-0"]
[WhiteElo "1835"]
[BlackElo "1701"]
[PlyCount "124"]
[EventDate "2008.??.??"]
[EventType "swiss"]
[EventRounds "7"]
[EventCountry "DEN"]

1. d4 Nf6 2. Bf4 d5 3. e3 Bf5 4. Nf3 h6 5. h3 e6 6. c3 c6 7. Bd3 Bxd3 8. Qxd3
Qb6 9. Qc2 Qa6 10. Nbd2 Nbd7 11. b4 b6 12. a4 Be7 13. Ne5 Nxe5 14. Bxe5 O-O 15.
Ra2 Nd7 16. Bg3 Rfc8 17. Qb1 Bd8 18. f3 Bc7 19. Bxc7 Rxc7 20. Kf2 c5 21. b5 Qc8
22. f4 Nf6 23. Re1 Qd7 24. Qd3 c4 25. Qb1 Rb7 26. Qb4 Rab8 27. Kg1 Nh5 28. Kh2
Qe7 29. Nf3 Qxb4 30. cxb4 Nf6 31. Ne5 Ne4 32. Rc2 Ra8 33. Ra1 a6 34. bxa6 Rxa6
35. b5 Ra8 36. Nc6 Kf8 37. Rca2 Ke8 38. Ra3 Nd2 39. Rc3 Nb3 40. Ra2 f6 41. Kg3
Kd7 42. Kf3 Na5 43. Nxa5 Rxa5 44. g4 Rba7 45. Rca3 Kd6 46. h4 e5 47. h5 exd4
48. exd4 Re7 49. Re3 Raa7 50. Rxe7 Rxe7 51. a5 bxa5 52. Rxa5 Re1 53. Ra6+ Kc7
54. Rc6+ Kb7 55. Rc5 Rc1 56. Rxd5 c3 57. Rc5 c2 58. Ke2 Kb6 59. Kd2 Rf1 60.
Rxc2 Rxf4 61. Ke3 Rxg4 62. Kd3 Rg5 1-0

[Event "Fynsmesterskabet "]
[Site "Odense"]
[Date "2008.03.13"]
[Round "7"]
[White "Aagaard, Gert"]
[Black "Drost, Allan"]
[Result "0-1"]
[WhiteElo "1917"]
[BlackElo "1860"]
[PlyCount "95"]
[EventDate "2008.??.??"]
[EventType "swiss"]
[EventRounds "7"]
[EventCountry "DEN"]

1. e4 c5 2. d4 cxd4 3. c3 d6 4. cxd4 g6 5. Nc3 Bg7 6. Be3 Nf6 7. Qd2 O-O 8. Be2
Nc6 9. Nf3 a6 10. Rc1 b5 11. d5 b4 12. Nb1 Nxe4 13. Qc2 b3 14. axb3 Qa5+ 15.
Kf1 Bf5 16. dxc6 Ng3+ 17. fxg3 Bxc2 18. Rxc2 Qf5 19. Na3 d5 20. Ke1 e5 21. Rf1
Qe4 22. Bc1 f5 23. Ng5 Qb4+ 24. Bd2 Qd6 25. b4 h6 26. Nh3 Rfc8 27. b5 axb5 28.
Bxb5 Qc7 29. Rf3 Rcb8 30. Rb3 Bf8 31. Nf2 Kh7 32. Nd3 d4 33. Nc5 Bxc5 34. Rxc5
e4 35. Bf4 Qa5+ 36. Bd2 Qc7 37. Rd5 Rd8 38. Rxd8 Rxd8 39. Nc4 Rb8 40. Bf4 Qxc6
41. Bxb8 Qd5 42. Ba6 e3 43. Rb7+ Kg8 44. Bd6 Qxg2 45. Nxe3 Qh1+ 46. Ke2 Qe4 47.
Bc4+ Kh8 48. Re7 0-1

[Event "Fynsmesterskabet "]
[Site "Odense"]
[Date "2008.03.13"]
[Round "7"]
[White "Andreasen, Rene"]
[Black "Sorensen, Jimmy F"]
[Result "1-0"]
[WhiteElo "1670"]
[BlackElo "1517"]
[PlyCount "83"]
[EventDate "2008.??.??"]
[EventType "swiss"]
[EventRounds "7"]
[EventCountry "DEN"]

1. d4 f5 2. Nf3 Nf6 3. c3 d6 4. Qc2 Nbd7 5. Qxf5 e5 6. dxe5 Nxe5 7. Qc2 Nxf3+
8. exf3 Bd7 9. Bd3 Qe7+ 10. Qe2 Qxe2+ 11. Bxe2 O-O-O 12. Bg5 Re8 13. Bxf6 gxf6
14. Kd1 Rg8 15. g3 Rg5 16. f4 Rd5+ 17. Nd2 Ba4+ 18. b3 Bc6 19. Re1 f5 20. Bc4
Rxe1+ 21. Kxe1 Ra5 22. Be6+ Bd7 23. Nc4 Rc5 24. Bxd7+ Kxd7 25. Kd2 Bg7 26. Rc1
Bf6 27. Ne3 Ra5 28. Rc2 Ke6 29. Kd3 d5 30. Re2 Rc5 31. Ng4+ Kf7 32. Nxf6 Kxf6
33. a4 Rc6 34. Kd4 Rd6 35. Re5 b6 36. Re8 a6 37. b4 Kf7 38. Ra8 c5+ 39. bxc5
bxc5+ 40. Kxc5 Rh6 41. Kb4 Rb6+ 42. Ka5 1-0

[Event "Fynsmesterskabet "]
[Site "Odense"]
[Date "2008.03.13"]
[Round "7"]
[White "Borsen, Claus"]
[Black "Nielsen, Jan"]
[Result "1/2-1/2"]
[WhiteElo "1433"]
[BlackElo "1416"]
[PlyCount "36"]
[EventDate "2008.??.??"]
[EventType "swiss"]
[EventRounds "7"]
[EventCountry "DEN"]

1. e4 c5 2. Nf3 e6 3. d4 cxd4 4. Nxd4 Nf6 5. Nc3 a6 6. Be2 Be7 7. Be3 O-O 8.
O-O Nc6 9. f4 d5 10. exd5 Nxd5 11. Nxd5 Qxd5 12. Bf3 Qd7 13. Nxc6 bxc6 14. Qe2
Bb7 15. Rad1 Qe8 16. Rb1 Bd6 17. Qf2 f5 18. g3 Qg6 1/2-1/2

[Event "Fynsmesterskabet "]
[Site "Odense"]
[Date "2008.03.13"]
[Round "7"]
[White "Cappelen, Niels Henrik"]
[Black "Kuntz, Jan"]
[Result "1/2-1/2"]
[WhiteElo "1634"]
[BlackElo "1907"]
[PlyCount "81"]
[EventDate "2008.??.??"]
[EventType "swiss"]
[EventRounds "7"]
[EventCountry "DEN"]

1. e4 c6 2. d4 d5 3. Nc3 dxe4 4. Nxe4 Bf5 5. Ng3 Bg6 6. Nf3 Nd7 7. Bd3 Ngf6 8.
O-O e6 9. Re1 Bd6 10. c4 O-O 11. Bg5 c5 12. Bxg6 hxg6 13. Ne5 Qc7 14. Nxd7 Nxd7
15. d5 e5 16. Ne4 f5 17. Nxd6 Qxd6 18. Qb3 b6 19. Qg3 Rae8 20. Bd2 b5 21. b3
Kf7 22. Bc3 Rh8 23. Re2 bxc4 24. bxc4 Qa6 25. Qd3 e4 26. Qd2 Qxc4 27. Rae1 Ne5
28. Bxe5 Rxe5 29. Qa5 Rxd5 30. Qxa7+ Kf6 31. Qb6+ Kg5 32. Qb2 Rhd8 33. Rc2 Rd1
34. h4+ Kxh4 35. Rxc4 Rxe1+ 36. Kh2 Rdd1 37. g3+ Kg4 38. f3+ Kxf3 39. Qg2+ Kg4
40. Qh3+ Kf3 41. Qg2+ 1/2-1/2

[Event "Fynsmesterskabet "]
[Site "Odense"]
[Date "2008.03.13"]
[Round "7"]
[White "Frantsen, Tom"]
[Black "Dyrgaard, Kristoffer"]
[Result "1/2-1/2"]
[WhiteElo "1779"]
[BlackElo "2127"]
[PlyCount "23"]
[EventDate "2008.??.??"]
[EventType "swiss"]
[EventRounds "7"]
[EventCountry "DEN"]

1. Nf3 Nf6 2. d4 g6 3. g3 Bg7 4. Bg2 O-O 5. O-O d6 6. Nc3 Nbd7 7. e4 e5 8. h3
c6 9. Be3 Qc7 10. a4 a5 11. Qd2 Re8 12. Rad1 1/2-1/2

[Event "Fynsmesterskabet "]
[Site "Odense"]
[Date "2008.03.13"]
[Round "7"]
[White "Friis, Carsten Bank"]
[Black "Hansen, Martin Strandby"]
[Result "1/2-1/2"]
[WhiteElo "2270"]
[BlackElo "2072"]
[PlyCount "38"]
[EventDate "2008.??.??"]
[EventType "swiss"]
[EventRounds "7"]
[EventCountry "DEN"]

1. d4 Nf6 2. Nf3 e6 3. c3 b6 4. Bg5 Bb7 5. Nbd2 h6 6. Bh4 g5 7. Bg3 d6 8. h3
Nbd7 9. e3 Bg7 10. Qc2 Qe7 11. O-O-O O-O-O 12. Qa4 Kb8 13. Bb5 Ka8 14. Rhe1 e5
15. e4 Nh5 16. Nf1 Nb8 17. d5 f5 18. exf5 Qf7 19. Ne3 Nf4 1/2-1/2

[Event "Fynsmesterskabet "]
[Site "Odense"]
[Date "2008.03.13"]
[Round "7"]
[White "Furrer, Christian"]
[Black "Jensen, Jens Skjoldborg"]
[Result "1-0"]
[WhiteElo "1147"]
[BlackElo "1503"]
[PlyCount "99"]
[EventDate "2008.??.??"]
[EventType "swiss"]
[EventRounds "7"]
[EventCountry "DEN"]

1. d4 d5 2. c4 c6 3. Nf3 Nf6 4. Nc3 e6 5. Bg5 Nbd7 6. e3 Qa5 7. Nd2 Bb4 8. Qc2
O-O 9. Be2 dxc4 10. Bxf6 Nxf6 11. Nxc4 Qg5 12. O-O Nd5 13. a3 Be7 14. b4 b5 15.
Ne5 Bb7 16. Nxd5 exd5 17. f4 Qh6 18. Rf3 f5 19. Bxb5 Rac8 20. Bd3 Qe6 21. g4 g6
22. gxf5 gxf5 23. Rg3+ Kh8 24. Kh1 Bd6 25. Rag1 Bxe5 26. fxe5 Rc7 27. Qe2 Bc8
28. Qh5 Qf7 29. Qxf7 Rcxf7 30. Rf3 Be6 31. Rf4 h6 32. Rg6 Bd7 33. e6 Bxe6 34.
Rxe6 Kg7 35. Kg2 Kh7 36. Rh4 Rf6 37. Rxf6 Rxf6 38. Kf3 Kg6 39. Rf4 Kg5 40. h4+
Kg6 41. Kg3 Kg7 42. Bxf5 Rf7 43. Bd3 Re7 44. e4 dxe4 45. Bxe4 Re6 46. Kf3 Rd6
47. Ke3 Re6 48. Rf5 Rd6 49. Rc5 Re6 50. Rxc6 1-0

[Event "Fynsmesterskabet "]
[Site "Odense"]
[Date "2008.03.13"]
[Round "7"]
[White "Hamann, Brian"]
[Black "Pallesen, Jorn"]
[Result "1-0"]
[WhiteElo "1687"]
[BlackElo "1514"]
[PlyCount "81"]
[EventDate "2008.??.??"]
[EventType "swiss"]
[EventRounds "7"]
[EventCountry "DEN"]

1. d4 Nf6 2. Nf3 g6 3. c4 Bg7 4. Nc3 O-O 5. e4 d6 6. Be2 Nc6 7. d5 Nb4 8. a3
Na6 9. Qc2 Re8 10. O-O Bg4 11. h3 Bxf3 12. Bxf3 Nd7 13. Be3 Nac5 14. b4 Na6 15.
Rab1 Ne5 16. Be2 Nb8 17. f4 Ned7 18. c5 e6 19. cxd6 exd5 20. Nxd5 Nf6 21. Nxc7
Rxe4 22. Qd3 Nc6 23. Nxa8 Rxe3 24. Qxe3 Ng4 25. Qf3 Bd4+ 26. Kh1 Ne3 27. Rfc1
Qxd6 28. Qe4 Nf5 29. Qe8+ Kg7 30. Bc4 Ng3+ 31. Kh2 Qxf4 32. Qxf7+ Qxf7 33. Bxf7
Be5 34. Bd5 Ne2+ 35. Kh1 Ng3+ 36. Kg1 Nd4 37. Bf3 Ndf5 38. Rd1 Kh6 39. Rb3 Kg5
40. Bg4 Nd4 41. Rbd3 1-0